Name The Brand #2 - Statistics

General Stats
  • This quiz has been taken 43 times
  • The average score is 10 of 15
Answer Stats
Picture Answer % Correct
Adidas
95%
Mercedes-Benz
93%
Toyota
93%
Pinterest
83%
T-Mobile
80%
Xbox
80%
New Balance
78%
Android
75%
Atari
75%
NBC
73%
AT&T
63%
Chevron
55%
Sprint
38%
Delta Airlines
33%
Citgo
23%
No matching quizzes found
Score Distribution
Percent of People with Each Score
Percentile by Number Answered
Your Score History
You have not taken this quiz